Systematic musculoskeletal examinations (Record no. 385)

000 -LEADER
fixed length control field 01812nam a22004577a 4500
001 - CONTROL NUMBER
control field 795008569
003 - CONTROL NUMBER IDENTIFIER
control field OCoLC
005 - DATE AND TIME OF LATEST TRANSACTION
control field 20210419121248.0
006 - FIXED-LENGTH DATA ELEMENTS--ADDITIONAL MATERIAL CHARACTERISTICS
fixed length control field m o d
007 - PHYSICAL DESCRIPTION FIXED FIELD--GENERAL INFORMATION
fixed length control field cr |n|||||||||
008 - FIXED-LENGTH DATA ELEMENTS--GENERAL INFORMATION
fixed length control field 110628s2012 nyua ob 001 0 eng d
020 ## - INTERNATIONAL STANDARD BOOK NUMBER
Canceled/invalid ISBN 9780071745215 (pbk. : alk. paper)
020 ## - INTERNATIONAL STANDARD BOOK NUMBER
International Standard Book Number 0071745211 (pbk. : alk. paper)
024 8# - OTHER STANDARD IDENTIFIER
Standard number or code 9786613656421
035 ## - SYSTEM CONTROL NUMBER
System control number (OCoLC)795008569
037 ## - SOURCE OF ACQUISITION
Stock number 365642
Source of stock number/acquisition MIL
040 ## - CATALOGING SOURCE
Original cataloging agency CDX
Language of cataloging eng
Transcribing agency CDX
Modifying agency OCLCQ
-- KUK
-- OUN
-- GWM
-- OCLCQ
041 ## - LANGUAGE CODE
Language code of text/sound track or separate title eng
049 ## - LOCAL HOLDINGS (OCLC)
Holding library YYEA, VZYM
080 ## - UNIVERSAL DECIMAL CLASSIFICATION NUMBER
Universal Decimal Classification number 616
Item number L-41
096 ## - LOCALLY ASSIGNED NLM-TYPE CALL NUMBER (OCLC)
Classification number INTERNET LINK
100 1# - MAIN ENTRY--PERSONAL NAME
Personal name Lawry, George V.
245 10 - TITLE STATEMENT
Title Systematic musculoskeletal examinations
Medium [electronic resource] /
Statement of responsibility, etc. George V. Lawry.
260 ## - PUBLICATION, DISTRIBUTION, ETC.
Place of publication, distribution, etc. New York :
Name of publisher, distributor, etc. McGraw-Hill,
Date of publication, distribution, etc. c2012.
300 ## - PHYSICAL DESCRIPTION
Extent 1 online resource (288 p.) :
Other physical details col. ill.
365 ## - TRADE PRICE
Price amount 3.50 usd
500 ## - GENERAL NOTE
General note EINSTEIN & MMC: available online via AccessMedicine. See Reference staff for assistance.
504 ## - BIBLIOGRAPHY, ETC. NOTE
Bibliography, etc. note Includes bibliographical references and index.
588 ## - SOURCE OF DESCRIPTION NOTE
Source of description note Description based on print version record.
650 12 - SUBJECT ADDED ENTRY--TOPICAL TERM
Topical term or geographic name entry element Musculoskeletal Diseases
General subdivision diagnosis
Form subdivision Atlases.
650 10 - SUBJECT ADDED ENTRY--TOPICAL TERM
Topical term or geographic name entry element Diagnostics
9 (RLIN) 77
650 22 - SUBJECT ADDED ENTRY--TOPICAL TERM
Topical term or geographic name entry element Physical Examination
General subdivision methods
Form subdivision Atlases.
653 ## - INDEX TERM--UNCONTROLLED
Uncontrolled term ფიზიკური გასინჯვა
653 ## - INDEX TERM--UNCONTROLLED
Uncontrolled term კუნთოვანი და ძვლოვანი სისტემა
653 ## - INDEX TERM--UNCONTROLLED
Uncontrolled term დიაგნოსტიკა
655 #7 - INDEX TERM--GENRE/FORM
Genre/form data or focus term Electronic books.
710 2# - ADDED ENTRY--CORPORATE NAME
Corporate name or jurisdiction name as entry element AccessMedicine (Online service)
856 40 - ELECTRONIC LOCATION AND ACCESS
Uniform Resource Identifier <a href="https://elibrary.einsteinmed.org/login?url=https://accessmedicine.mhmedical.com/book.aspx?bookId=384">https://elibrary.einsteinmed.org/login?url=https://accessmedicine.mhmedical.com/book.aspx?bookId=384</a>
Public note EINSTEIN: AccessMedicine ebook collection
856 41 - ELECTRONIC LOCATION AND ACCESS
Uniform Resource Identifier <a href="https://accessmedicine.mhmedical.com/book.aspx?bookId=384">https://accessmedicine.mhmedical.com/book.aspx?bookId=384</a>
Public note MMC: AccessMedicine ebook collection
942 ## - ADDED ENTRY ELEMENTS (KOHA)
Source of classification or shelving scheme
Koha item type Books
Holdings
Withdrawn status Lost status Source of classification or shelving scheme Damaged status Not for loan Permanent location Current location Date acquired Inventory number Total Checkouts Full call number Barcode Date last seen Price effective from Koha item type
          Ken Walker International University Ken Walker International University 11/24/2020 2050   616 L-41 2050 11/24/2020 11/24/2020 Books
          Ken Walker International University Ken Walker International University 11/24/2020 1104   616 L-41 1104 11/24/2020 11/24/2020 Books

Powered by Koha